Ruská stratégia pre Arktídu: dôsledky pre obchodné cesty, energiu a budúcu ekonomickú izoláciu diplomová práca

Uložené v:
Podrobná bibliografia
Hlavný autor: Šuca, Matúš
Korporativný autor: Obchodná fakulta EU. Katedra medzinárodného obchodu
Ďalší autori: Luptáková, Anabela, 1995-
Médium: Kniha
Jazyk:Slovak
Vydavateľské údaje: Bratislava 2025
Tagy: Pridať tag
Žiadne tagy, Buďte prvý, kto otaguje tento záznam!

MARC

LEADER 00000nbm a2200000 4500
001 0310356
005 20251110133851.6
041 0 |a slo 
044 |a SK 
245 1 0 |a Ruská stratégia pre Arktídu: dôsledky pre obchodné cesty, energiu a budúcu ekonomickú izoláciu  |b diplomová práca  |c Matúš Šuca ; školiteľ: Anabela Luptáková 
264 1 |a Bratislava  |c 2025 
300 |a 87 s. 
100 1 |a Šuca, Matúš 
700 1 |a Luptáková, Anabela, 1995- 
710 2 |a Obchodná fakulta EU. Katedra medzinárodného obchodu